Yu-kai ceramah = (xie ru tan xin) : part 3 (Chinese)

Bibliographic Details
Main Author: Lu, Sheng Yan
Format: Book
Published: Selangor : Persekutuan Agama Buddha , 2004
Subjects:

MARC

LEADER 00000cam a2200000 7i4500
001 0000046925
005 20150412.0
008 150412
020 |a 9799867903128 
020 |a 9867903129 
090 0 0 |a 294.3   |b LUS 
100 1 |a Lu, Sheng Yan 
245 1 0 |a Yu-kai ceramah = (xie ru tan xin) :   |b part 3 (Chinese)   |c Lu Sheng Yan 
260 |a Selangor :   |b Persekutuan Agama Buddha ,   |c 2004 
650 0 |a Buddhism   |x Art 
650 0 |a Buddhism   |x Bibliography 
999 |a 0001347036   |b Book   |c Chinese Collection   |e Cawangan AEON Kulaijaya